Not a Country, so where is it? #1 Quiz Stats

Quiz not verified by Sporcle

Challenge
Share
Tweet
Score 0/50 Timer 10:00
0 Plays Today
% Correct
Burgundy
90.2%
Siberia
87.2%
Bohemia
87.2%
New England
85.7%
Transylvania
85%
Anatolia
83.5%
Lombardy
82.7%
Jutland
82.7%
Patagonia
82%
Kurdistan
82%
Mesopotamia
80.5%
Lapland
77.4%
Dalmatia
73.7%
Gascony
73.7%
Götaland
72.2%
Nubia
69.9%
Thessaly
69.2%
Acadia
69.2%
Baluchistan
63.9%
Caledonia
63.2%
Moravia
61.7%
Apulia
60.9%
Pomerania
60.2%
Silesia
60.2%
Walachia
58.6%
% Correct
Cantabria
57.9%
Karelia
56.4%
Finnmark
54.1%
Buganda
54.1%
Swabia
53.4%
Lusitania
53.4%
Scania
51.1%
New Ireland
50.4%
Rupert's Land
48.9%
Franconia
48.1%
Arnhem Land
48.1%
Livonia
47.4%
Bessarabia
47.4%
Flevoland
45.1%
East Turkestan
42.9%
Burgenland
42.1%
Malabar
41.4%
Volhynia
40.6%
Numidia
37.6%
Khuzestan
36.1%
Annam
36.1%
Mashonaland
33.1%
Assiniboia
31.6%
Griqualand
24.1%
Damaraland
21.8%

You're not logged in!

Compare scores with friends on all Sporcle quizzes.
Sign Up with Email
OR
Log In

You Might Also Like...

Show Comments

Extras

Top Quizzes Today


Score Distribution

Your Account Isn't Verified!

In order to create a playlist on Sporcle, you need to verify the email address you used during registration. Go to your Sporcle Settings to finish the process.